[Event "La Paz GP op 3rd"]
[Site "La Paz"]
[Date "2023.08.20"]
[Round "7"]
[White "Murga Paz, Diego Emanuel"]
[Black "Salas, Javier"]
[Result "0-1"]
[WhiteElo "1120"]
[BlackElo "1746"]
[PlyCount "66"]
[EventDate "2023.08.17"]
[EventType "swiss"]
[EventRounds "7"]
[EventCountry "BOL"]
[SourceTitle "EXT 2024"]
[Source "ChessBase"]
[SourceDate "2023.10.10"]
[SourceVersion "1"]
[SourceVersionDate "2023.10.10"]
[SourceQuality "1"]

1. e4 c5 2. Nf3 e6 3. Nc3 Nc6 4. Bc4 a6 5. a3 b5 6. Ba2 Bb7 7. d3 g6 8. Be3 d6 9. d4 cxd4 10. Nxd4 Bg7 11. Nxc6 Bxc6 12. Bd4 Nf6 13. e5 dxe5 14. Bxe5 Qxd1+ 15. Rxd1 Bxg2 16. Rg1 Bb7 17. Rd4 0-0 18. Rf4 Nh5 19. Bxg7 Nxg7 20. Rd4 Rfd8 21. Rgg4 Nf5 22. Rxd8+ Rxd8 23. Ne4 Kg7 24. Nc5 Bf3 25. Rxg6+ hxg6 26. Nd3 Bd5 27. Bxd5 Rxd5 28. Nb4 Rd6 29. Ke2 Nd4+ 30. Ke3 a5 31. Nd3 Nxc2+ 32. Ke4 f5+ 33. Ke5 Rxd3 0-1

[Event "La Paz GP op 3rd"]
[Site "La Paz"]
[Date "2023.08.19"]
[Round "5"]
[White "Murga Paz, Diego Emanuel"]
[Black "Veizaga Mamani, Kirsten Ivana"]
[Result "1-0"]
[WhiteElo "1120"]
[BlackElo "1139"]
[PlyCount "65"]
[EventDate "2023.08.17"]
[EventType "swiss"]
[EventRounds "7"]
[EventCountry "BOL"]
[SourceTitle "EXT 2024"]
[Source "ChessBase"]
[SourceDate "2023.10.10"]
[SourceVersion "1"]
[SourceVersionDate "2023.10.10"]
[SourceQuality "1"]

1. e4 d6 2. Nf3 g6 3. d4 Bg7 4. Nc3 Nf6 5. Bc4 0-0 6. h3 Nbd7 7. 0-0 e5 8. Bg5 h6 9. Bxf6 Qxf6 10. Nd5 Qd8 11. c3 c6 12. Ne3 Nb6 13. Re1 Nxc4 14. Nxc4 b5 15. Ne3 Re8 16. a4 exd4 17. Nxd4 Bxd4 18. Qxd4 c5 19. Qd5 Be6 20. Qd3 bxa4 21. Rxa4 Qc7 22. Nd5 Qd8 23. Re2 Bxd5 24. Qxd5 Kg7 25. Ra6 Re6 26. Rd2 Qe7 27. Qxa8 Rxe4 28. Rxa7 Qe5 29. Rd1 Re1+ 30. Rxe1 Qxe1+ 31. Kh2 Qxf2 32. Qf3 Qxf3 33. gxf3 1-0